| 000 | 00462nam a22001697a 4500 | ||
|---|---|---|---|
| 999 |
_c524249 _d524249 |
||
| 003 | NUST | ||
| 038 | _awaseem | ||
| 082 |
_a370.954 _bAHM |
||
| 100 |
_aShelibi,Ahmad _915058 |
||
| 245 |
_aMusalmano Ka Nizaam-e- Taleem / _cAhmad Shelibi |
||
| 260 |
_aLahore : _bBook Home, _c2004. |
||
| 300 | _a208 p. ; | ||
| 500 | _aHardcover. | ||
| 880 |
_6100-01\r _aاحمد شلیبی |
||
| 880 |
_6245-02\r _aمسلمانوں کا نظام تعلیم / |
||
| 942 |
_2ddc _cBK |
||